Report of the Committee on Lands and Natural Resources on the Ratification of Nineteen (19) Timber Utilisation Contracts (TUCs) (Record no. 4128)
[ view plain ]
| 000 -LEADER | |
|---|---|
| fixed length control field | 00659nam a22001697a 4500 |
| 003 - CONTROL NUMBER IDENTIFIER | |
| control field | OSt |
| 005 - DATE AND TIME OF LATEST TRANSACTION | |
| control field | 20240705100336.0 |
| 008 - FIXED-LENGTH DATA ELEMENTS--GENERAL INFORMATION | |
| fixed length control field | 240705b |||||||| |||| 00| 0 eng d |
| 041 ## - LANGUAGE CODE | |
| Language code of text/sound track or separate title | English |
| 082 ## - DEWEY DECIMAL CLASSIFICATION NUMBER | |
| Classification number | Class No. CR/RTUC/24 Acc No. 9198 |
| 110 ## - MAIN ENTRY--CORPORATE NAME | |
| Corporate name or jurisdiction name as entry element | Committee on Lands and Natural Resources |
| 245 ## - TITLE STATEMENT | |
| Title | Report of the Committee on Lands and Natural Resources on the Ratification of Nineteen (19) Timber Utilisation Contracts (TUCs) |
| 260 ## - PUBLICATION, DISTRIBUTION, ETC. | |
| Place of publication, distribution, etc. | Accra: |
| Name of publisher, distributor, etc. | Office of Parliament, |
| Date of publication, distribution, etc. | 2024. |
| 300 ## - PHYSICAL DESCRIPTION | |
| Extent | 15p.; |
| 653 ## - INDEX TERM--UNCONTROLLED | |
| Uncontrolled term | 1. Ratification of Nineteen Timber Utilisation Contract 2. TUCs 3. Committee on Lands and Natural Resources |
| 942 ## - ADDED ENTRY ELEMENTS (KOHA) | |
| Source of classification or shelving scheme | Dewey Decimal Classification |
| Koha item type | Committee Reports |
| Suppress in OPAC | No |
| Withdrawn status | Lost status | Source of classification or shelving scheme | Damaged status | Not for loan | Home library | Current library | Shelving location | Date acquired | Total checkouts | Full call number | Date last seen | Copy number | Price effective from | Koha item type |
|---|---|---|---|---|---|---|---|---|---|---|---|---|---|---|
| Dewey Decimal Classification | Main Library | Main Library | Open Shelves | 16/12/2024 | CR/RTUC/24 Acc No. 9198 | 16/12/2024 | 1 | 16/12/2024 | Committee Reports |